Complex variables and applications (Record no. 3507)

000 -LEADER
fixed length control field 00586nam a22002297a 4500
001 - CONTROL NUMBER
control field 3507
003 - CONTROL NUMBER IDENTIFIER
control field BD-DhUET
008 - FIXED-LENGTH DATA ELEMENTS--GENERAL INFORMATION
fixed length control field 141101b xxu||||| |||| 00| 0 eng d
020 ## - INTERNATIONAL STANDARD BOOK NUMBER
International Standard Book Number 0070108552
040 ## - CATALOGING SOURCE
Transcribing agency 0
Modifying agency BD-DhUET
082 ## - DEWEY DECIMAL CLASSIFICATION NUMBER
Classification number 517.8
Item number CHU/1974
100 ## - MAIN ENTRY--PERSONAL NAME
Personal name Churchill, Ruel V.
245 ## - TITLE STATEMENT
Title Complex variables and applications
250 ## - EDITION STATEMENT
Edition statement 3rd ed.
260 ## - PUBLICATION, DISTRIBUTION, ETC. (IMPRINT)
Place of publication, distribution, etc. New York
Name of publisher, distributor, etc. McGraw-Hill
Date of publication, distribution, etc. 1974
300 ## - PHYSICAL DESCRIPTION
Extent x, 332 p.
Other physical details ill.
Dimensions 23 cm.
504 ## - BIBLIOGRAPHY, ETC. NOTE
Bibliography, etc Includes bibliographies
650 #0 - SUBJECT ADDED ENTRY--TOPICAL TERM
Topical term or geographic name as entry element Complex variables
700 ## - ADDED ENTRY--PERSONAL NAME
Personal name Brown, James W.
700 ## - ADDED ENTRY--PERSONAL NAME
Personal name Verhey, Roger F.
942 ## - ADDED ENTRY ELEMENTS (KOHA)
Koha item type General Book
Holdings
Withdrawn status Koha normalized classification for sorting Koha item type Koha full call number Copy number Piece designation (barcode) Location (home branch) Koha renewals Date acquired Price effective from Koha date last seen Sublocation or collection (holding branch) Damaged status Not for loan Koha date last borrowed Source of classification or shelving scheme Shelving location Lost status
 517_800000000000000_CHU_1974General Book517.8/CHU/1974139411Central Library, BUET 2014-11-012014-11-012014-11-01Central Library, BUET    Circulation section 
 517_800000000000000_CHU_1974General Book517.8/CHU/1974243301Central Library, BUET 2014-11-012014-11-012014-11-01Central Library, BUET    Circulation section 
 517_800000000000000_CHU_1974General Book517.8/CHU/1974345109Central Library, BUET 2014-11-012014-11-012014-11-01Central Library, BUET    Circulation section 
 517_800000000000000_CHU_1974General Book517.8/CHU/1974452889Central Library, BUET 2014-11-012014-11-012016-05-18Central Library, BUET    Circulation section 
 517_800000000000000_CHU_1974General Book517.8/CHU/1974537655Central Library, BUET 2014-11-172014-11-172016-04-02Central Library, BUET    Circulation section 
 517_800000000000000_CHU_1974General Book517.8/CHU/1974658032Central Library, BUET22014-11-172014-11-172016-08-30Central Library, BUET    Circulation section 
 517_800000000000000_CHU_1974General Book517.8/CHU/1974752887Central Library, BUET 2015-05-032015-05-032015-05-03Central Library, BUET  0000-00-00 Circulation section 
 517_800000000000000_CHU_1974General Book517.8/CHU/1974837654Central Library, BUET 2015-05-032015-05-032015-05-03Central Library, BUET    Circulation section 
 517_800000000000000_CHU_1974General Book517.8/CHU/1974939412Central Library, BUET 2015-05-042015-05-042015-05-04Central Library, BUET    Circulation section 
 517_800000000000000_CHU_1974General Book517.8/CHU/19741058033Central Library, BUET 2015-05-202015-05-202015-05-20Central Library, BUET    Circulation section 
 517_800000000000000_CHU_1974Reading Item517.8/CHU/19741124535Central Library, BUET 2015-06-132015-06-132015-06-13Central Library, BUET    Reading section 
 517_800000000000000_CHU_1974General Book517.8/CHU/19741243304Central Library, BUET 2015-07-132015-07-132015-07-13Central Library, BUET    Circulation section